[Event "Elit(Stockholms SS-Eksjo)"]
[Site "?"]
[Date "2022.03.19"]
[Round "4"]
[White "Heberla, Bartlomiej"]
[Black "Hauge, Lars Oskar"]
[Result "0-1"]
[WhiteElo "2564"]
[BlackElo "2513"]
[PlyCount "84"]
[SourceDate "2022.03.24"]

1. d4 f5 2. Bg5 h6 3. Bd2 Nf6 4. e3 d6 5. c4 g6 6. Nc3 Bg7 7. Bd3 e5 8. f3 O-O
9. Nge2 Nc6 10. a3 exd4 11. Nxd4 Nxd4 12. exd4 Nh5 13. Ne2 Qh4+ 14. Kf1 Bd7 15.
Qe1 Qf6 16. Qf2 Rae8 17. g3 c5 18. Bc3 f4 19. dxc5 fxg3 20. Bxf6 gxf2 21. Bxg6
Nxf6 22. Bxe8 Nxe8 23. Kxf2 dxc5 24. Rad1 Bc6 25. Rd3 Bxb2 26. Nc3 Nf6 27. Rg1+
Kh8 28. Ke2 Nh5 29. Re3 Rf7 30. Rb1 Bxc3 31. Rxc3 Nf4+ 32. Kf2 Ne6 33. Re1 Ng5
34. Rce3 Nxf3 35. Re7 Kg7 36. Rxf7+ Kxf7 37. Re3 Nxh2 38. Rh3 Ng4+ 39. Kg3 Ne3
40. Kf4 Nxc4 41. Rh5 Nxa3 42. Rxc5 Nb5 0-1

[Event "Elit(Team Pelaro Alingsas-Vaxjo)"]
[Site "?"]
[Date "2022.03.19"]
[Round "4"]
[White "Sorensen, Hampus"]
[Black "Sevastianov, Andrii"]
[Result "1-0"]
[WhiteElo "2379"]
[BlackElo "2133"]
[PlyCount "109"]
[EventDate "2022.??.??"]

1. e4 e5 2. Nf3 Nc6 3. Bc4 Bc5 4. d3 Nf6 5. Bg5 h6 6. Bh4 Be7 7. Bg3 d6 8. a4
Bg4 9. h3 Bh5 10. c3 O-O 11. Nbd2 Kh8 12. b4 Nh7 13. Bh2 Ng5 14. g4 Bg6 15. Bg3
f6 16. h4 Nxf3+ 17. Qxf3 Qd7 18. Nf1 Nd8 19. Ne3 Bf7 20. Bxf7 Nxf7 21. O-O c6
22. d4 Rae8 23. d5 Qc8 24. dxc6 bxc6 25. b5 d5 26. exd5 e4 27. Qf5 cxb5 28.
axb5 Qxc3 29. Rxa7 Bc5 30. Rc7 Qb4 31. Qg6 Bxe3 32. Rxf7 Rxf7 33. Qxf7 Rf8 34.
Qc7 Bd4 35. Bd6 Bxf2+ 36. Rxf2 Qe1+ 37. Rf1 Qe3+ 38. Kg2 Qe2+ 39. Rf2 Qxg4+ 40.
Bg3 e3 41. Qe7 exf2 42. Qxf8+ Kh7 43. Qa3 f1=Q+ 44. Kxf1 Qd1+ 45. Be1 Qxd5 46.
Qb4 f5 47. b6 f4 48. b7 Qd3+ 49. Kg1 Qg6+ 50. Kf2 Qg3+ 51. Ke2 Qe3+ 52. Kd1
Qd3+ 53. Kc1 Qe3+ 54. Bd2 Qg1+ 55. Kb2 1-0

[Event "Elit(LASK-Wasa)"]
[Site "?"]
[Date "2022.03.19"]
[Round "4"]
[White "Smith, Axel"]
[Black "Amin, Bassem"]
[Result "0-1"]
[WhiteElo "2437"]
[BlackElo "2681"]
[PlyCount "72"]

1. d4 Nf6 2. c4 g6 3. Nc3 Bg7 4. e4 d6 5. Be2 O-O 6. Be3 Nc6 7. d5 Ne5 8. h3 e6
9. Nf3 Nxf3+ 10. Bxf3 Nd7 11. Qd2 a5 12. O-O-O a4 13. h4 exd5 14. exd5 Ne5 15.
Be2 c5 16. h5 a3 17. b3 Bf5 18. Bh6 Bxh6 19. Qxh6 Qf6 20. Qd2 g5 21. g4 Bxg4
22. Ne4 Qg7 23. h6 Qg6 24. Bxg4 Qxe4 25. Qxg5+ Qg6 26. Qxg6+ fxg6 27. f3 Rf4
28. Rhe1 Kf7 29. Re3 Re8 30. Rg1 Kf6 31. Kd2 Rxc4 32. bxc4 Nxc4+ 33. Kd3 Nxe3
34. Re1 c4+ 35. Kd2 c3+ 36. Kd3 c2 0-1

[Event "Elit(Stockholms SS-Eksjo)"]
[Site "?"]
[Date "2022.03.19"]
[Round "4"]
[White "Westerberg, Jonathan"]
[Black "Gdanski, Jacek"]
[Result "1/2-1/2"]
[WhiteElo "2494"]
[BlackElo "2499"]
[PlyCount "37"]

1. e4 e6 2. d4 d5 3. exd5 exd5 4. Nf3 Nc6 5. c3 Bd6 6. Bd3 Nge7 7. O-O Bg4 8.
Nbd2 Qd7 9. Re1 O-O 10. h3 Bf5 11. Nb3 b6 12. Nh4 Bxd3 13. Qxd3 Rfe8 14. Bg5
Ng6 15. Qf5 Qxf5 16. Nxf5 Bf4 17. Bxf4 Nxf4 18. Ne3 Ne7 19. Rad1 1/2-1/2

[Event "Elit(Team Pelaro Alingsas-Vaxjo)"]
[Site "?"]
[Date "2022.03.19"]
[Round "4"]
[White "Lindberg, Bengt"]
[Black "Winsnes, Rikard"]
[Result "1/2-1/2"]
[WhiteElo "2366"]
[BlackElo "2356"]
[PlyCount "88"]
[EventDate "2022.??.??"]

1. e4 c5 2. Nf3 Nc6 3. d4 cxd4 4. Nxd4 g6 5. c4 Nf6 6. Nc3 d6 7. Nc2 Bg7 8. Be2
O-O 9. O-O Nd7 10. Be3 Nc5 11. f3 Bxc3 12. bxc3 Qa5 13. Qd2 Be6 14. Nb4 Rac8
15. Rab1 Rfe8 16. Nd5 Ne5 17. Rb5 Qa6 18. Bd4 b6 19. Rfb1 Qb7 20. h4 Bxd5 21.
cxd5 e6 22. c4 exd5 23. cxd5 Qe7 24. Qh6 f6 25. R5b2 Rc7 26. Bb5 Rec8 27. Qe3
Rf8 28. Re1 f5 29. exf5 Qxh4 30. Bxe5 dxe5 31. g3 Qxg3+ 32. Rg2 Qf4 33. Qxe5
Rxf5 34. Qxf4 Rxf4 35. d6 Rcf7 36. Rd2 Rxf3 37. d7 Nxd7 38. Bxd7 Kg7 39. Be8
Rc7 40. Kg2 Ra3 41. Bd7 h5 42. Kh2 Rac3 43. Ree2 Rf3 44. Be8 Rf6 1/2-1/2

[Event "Elit(LASK-Wasa)"]
[Site "?"]
[Date "2022.03.19"]
[Round "4"]
[White "Meshkovs, Nikita"]
[Black "Antonsen, Mikkel"]
[Result "1-0"]
[WhiteElo "2561"]
[BlackElo "2400"]
[PlyCount "49"]

1. c4 e6 2. Nc3 d5 3. d4 Nf6 4. Bf4 c5 5. Nf3 cxd4 6. Nxd4 Nbd7 7. Qa4 Bc5 8.
cxd5 O-O 9. Nb3 exd5 10. e3 Qe7 11. Rd1 Bb4 12. a3 Bxc3+ 13. bxc3 Ne4 14. Qb4
Qf6 15. Rxd5 Qg6 16. Bd3 Re8 17. Nd2 f5 18. Nxe4 fxe4 19. Bc4 Kh8 20. O-O Nb6
21. Rg5 Qf6 22. Bb5 Re7 23. Re5 Be6 24. Qxe4 h6 25. Bd3 1-0

[Event "Elit(Stockholms SS-Eksjo)"]
[Site "?"]
[Date "2022.03.19"]
[Round "4"]
[White "Vernersson, Per"]
[Black "Ertan, Can"]
[Result "1/2-1/2"]
[WhiteElo "2253"]
[BlackElo "2382"]
[PlyCount "58"]

1. Nf3 Nf6 2. c4 e6 3. Nc3 d5 4. d4 Bb4 5. cxd5 exd5 6. Bg5 Qd6 7. Bxf6 Qxf6 8.
Qb3 c5 9. dxc5 Nc6 10. a3 Bxc3+ 11. Qxc3 d4 12. Qd2 O-O 13. g3 Re8 14. Bg2 d3
15. Qxd3 Bg4 16. O-O Rad8 17. Qb5 a6 18. Qc4 Bxf3 19. Bxf3 Qxb2 20. Bxc6 bxc6
21. Ra2 Qb5 22. Qc2 Rd5 23. Rc1 h5 24. h4 Rb8 25. Kg2 g6 26. Qc4 Qa5 27. Qc3
Qb5 28. Qc4 Qa5 29. Qc3 Qb5 1/2-1/2

[Event "Elit(Team Pelaro Alingsas-Vaxjo)"]
[Site "?"]
[Date "2022.03.19"]
[Round "4"]
[White "Agrest, Inna"]
[Black "Heidenfors, Ronald"]
[Result "1-0"]
[WhiteElo "2238"]
[BlackElo "1980"]
[PlyCount "63"]
[EventDate "2022.??.??"]

1. e4 e5 2. Nf3 Nc6 3. Bb5 a6 4. Ba4 Nf6 5. O-O b5 6. Bb3 Bc5 7. a4 Rb8 8. c3
d6 9. d4 Bb6 10. a5 Ba7 11. h3 h6 12. Re1 O-O 13. Be3 exd4 14. cxd4 Ne7 15. Bc2
c5 16. dxc5 dxc5 17. Qc1 Rb7 18. Rd1 Rd7 19. Nc3 Rxd1+ 20. Nxd1 Nc6 21. e5 Nd7
22. Bxh6 Ndxe5 23. Nxe5 Nxe5 24. Qe3 Bb8 25. Qg3 Ng6 26. Qxb8 gxh6 27. Ne3 Qd4
28. Rd1 Qxb2 29. Qb6 Qg7 30. Qxc5 Nf4 31. Kh2 Bb7 32. Qc7 1-0

[Event "Elit(LASK-Wasa)"]
[Site "?"]
[Date "2022.03.19"]
[Round "4"]
[White "Mauritsson, Sebastian"]
[Black "Bellon Lopez, Juan Manuel"]
[Result "1-0"]
[WhiteElo "2390"]
[BlackElo "2322"]
[PlyCount "53"]

1. e4 c5 2. Nf3 Nc6 3. d4 cxd4 4. Nxd4 g6 5. Nc3 Bg7 6. Be3 Nf6 7. Bc4 Qa5 8.
O-O O-O 9. Bb3 d6 10. h3 Bd7 11. Re1 Rfe8 12. Qe2 Nxd4 13. Bxd4 Bc6 14. Rad1 b5
15. a3 Rac8 16. Nd5 Bxd5 17. exd5 Nd7 18. c3 Bxd4 19. Rxd4 Nf6 20. Qd2 Kg7 21.
Rh4 Ng8 22. Qd4+ Nf6 23. Qd2 Ng8 24. Qd4+ Nf6 25. Qf4 Ng8 26. Rxh7+ Kxh7 27.
Qxf7+ 1-0

[Event "Elit(Stockholms SS-Eksjo)"]
[Site "?"]
[Date "2022.03.19"]
[Round "4"]
[White "Lokander, Martin"]
[Black "Gajic, Mladen"]
[Result "1-0"]
[WhiteElo "2473"]
[BlackElo "2308"]
[PlyCount "137"]

1. d4 b6 2. e4 Bb7 3. Bd3 g6 4. f4 Bg7 5. Nf3 c5 6. d5 b5 7. c4 bxc4 8. Bxc4
Ba6 9. Na3 Nh6 10. O-O O-O 11. Qd3 Bxc4 12. Nxc4 d6 13. f5 Nd7 14. Bg5 Ng4 15.
Bf4 Nb6 16. Rac1 Nxc4 17. Rxc4 Qa5 18. h3 Nf6 19. b3 Nd7 20. Rc2 Qb6 21. Kh1 a5
22. fxg6 hxg6 23. Bg5 f6 24. Bc1 a4 25. Nh4 axb3 26. axb3 Qa6 27. Qxa6 Rxa6 28.
Nxg6 Re8 29. Bd2 Kf7 30. Nh4 Rb8 31. Rb1 Rab6 32. Nf5 Rxb3 33. Rxb3 Rxb3 34.
Ra2 Rb7 35. h4 Bf8 36. h5 Ne5 37. Kh2 Rb3 38. g3 c4 39. Bf4 Nd3 40. Ra7 Rb2+
41. Kh3 Nf2+ 42. Kg2 Nxe4+ 43. Kf3 Ng5+ 44. Bxg5 fxg5 45. Nxd6+ Kg8 46. Nxc4
Rb3+ 47. Kg4 Rd3 48. Ne5 Rxd5 49. Nf3 Rb5 50. Ra8 Kg7 51. Nxg5 Rb4+ 52. Kh3 Kh6
53. Ne6 Bg7 54. Rg8 Bf6 55. Nf4 Bg7 56. Ne6 Bf6 57. g4 Rb3+ 58. Kg2 Rb2+ 59.
Kf3 Rb3+ 60. Ke4 Rb4+ 61. Kd5 Kh7 62. Rg6 Rb6 63. Ng5+ Kh8 64. Nf7+ Kh7 65.
Ng5+ Kh8 66. Ne4 Rb5+ 67. Ke6 Bg7 68. Kf7 Rb4 69. h6 1-0

[Event "Elit(Team Pelaro Alingsas-Vaxjo)"]
[Site "?"]
[Date "2022.03.19"]
[Round "4"]
[White "Gonzalez, Emilio"]
[Black "Wengholm, Anders"]
[Result "1/2-1/2"]
[WhiteElo "1970"]
[BlackElo "2216"]
[PlyCount "134"]
[EventDate "2022.??.??"]

1. c4 Nf6 2. g3 e6 3. Bg2 d5 4. Nf3 Be7 5. b3 O-O 6. Bb2 c5 7. cxd5 exd5 8. O-O
Nc6 9. d4 Re8 10. Nbd2 Bf8 11. Rc1 cxd4 12. Nxd4 Nxd4 13. Bxd4 Ba3 14. Bxf6
Qxf6 15. Rc7 Qb6 16. Rc3 Bb2 17. Rf3 Bg4 18. Qc2 Bxf3 19. Bxf3 Qd4 20. Rd1 Qe5
21. Nf1 Rac8 22. Qb1 Ba3 23. Rxd5 Qe7 24. Kg2 Rcd8 25. Ne3 Rxd5 26. Nxd5 Qe5
27. Qd3 a6 28. Ne3 Qc7 29. Qf5 Re5 30. Qg4 Bf8 31. Nd5 Qd6 32. Ne3 Qe7 33. Qc8
Rb5 34. Bd5 Qd6 35. Qc4 Qd7 36. a4 Rc5 37. Qe4 b5 38. Bb7 bxa4 39. bxa4 Ra5 40.
Bc6 Qe6 41. Qf3 Rc5 42. Bd5 Qd7 43. h4 Rc3 44. Bc4 Ra3 45. Bxa6 Rxa4 46. Bc4 h5
47. Bd5 g6 48. Qf6 Bg7 49. Qc6 Qxc6 50. Bxc6 Ra2 51. Kf3 Bd4 52. Be4 Bxe3 53.
Kxe3 Kg7 54. Bd3 Kf6 55. Kf3 Ke5 56. Ke3 Ra1 57. Bc4 Ra3+ 58. Kd2 Kf6 59. Bd3
Ra7 60. Ke3 Ra1 61. Kf3 Rh1 62. Kg2 Rc1 63. Kf3 Ke5 64. Ke3 Kd5 65. Bb5 Ke5 66.
Bd3 Rh1 67. Bc4 Kf6 1/2-1/2

[Event "Elit(LASK-Wasa)"]
[Site "?"]
[Date "2022.03.19"]
[Round "4"]
[White "Wedberg, Tom"]
[Black "Storme, Isak"]
[Result "1/2-1/2"]
[WhiteElo "2406"]
[BlackElo "2350"]
[PlyCount "37"]

1. e4 e5 2. Nf3 Nc6 3. Bb5 a6 4. Ba4 Nf6 5. O-O Be7 6. d3 b5 7. Bb3 d6 8. a3
O-O 9. Nc3 Na5 10. Ba2 Be6 11. b4 Bxa2 12. Rxa2 Nc6 13. Bg5 Ng4 14. Bxe7 Nxe7
15. h3 Nf6 16. a4 Ng6 17. axb5 axb5 18. Qa1 c6 19. Rxa8 1/2-1/2

[Event "Elit(Stockholms SS-Eksjo)"]
[Site "?"]
[Date "2022.03.19"]
[Round "4"]
[White "Krantz, Christopher"]
[Black "Cederstam, Carl"]
[Result "1/2-1/2"]
[WhiteElo "2245"]
[BlackElo "2368"]
[PlyCount "109"]

1. d4 d5 2. Bf4 c5 3. e3 Nf6 4. Nf3 Nc6 5. Nbd2 e6 6. c3 Bd6 7. Bg3 O-O 8. Bd3
Re8 9. Ne5 Ne7 10. O-O Nf5 11. Bf4 h6 12. h3 a6 13. Qf3 Qc7 14. g4 Nh4 15. Qe2
Nd7 16. Bg3 f6 17. Bxh4 fxe5 18. Bg6 Rf8 19. g5 exd4 20. cxd4 e5 21. gxh6 Nf6
22. dxc5 Bxc5 23. Rac1 Qd6 24. Kh1 Qe6 25. Qf3 Bd6 26. hxg7 Kxg7 27. Rg1 Ng4
28. Bf5 Qxf5 29. Qxf5 Bxf5 30. hxg4 Bd7 31. Kg2 Rh8 32. Bg3 Bxg4 33. Bxe5+ Bxe5
34. Kf1 Kf6 35. Rxg4 Rh1+ 36. Rg1 Rxg1+ 37. Kxg1 Bxb2 38. Rb1 Bc3 39. Rb6+ Ke5
40. Nf3+ Ke4 41. Ng5+ Kd3 42. Kf1 d4 43. exd4 Bxd4 44. Rxb7 a5 45. Ne6 Ba1 46.
Nc5+ Kc4 47. Nd7 Re8 48. Rb1 Bd4 49. Nb6+ Kc3 50. Rb3+ Kc2 51. Nc4 Rf8 52. Ne3+
Kd2 53. Nc4+ Kc2 54. Ne3+ Kd2 55. Nc4+ 1/2-1/2

[Event "Elit(Team Pelaro Alingsas-Vaxjo)"]
[Site "?"]
[Date "2022.03.19"]
[Round "4"]
[White "Bjorklund, Thomas"]
[Black "Kallerholm, Par"]
[Result "1/2-1/2"]
[WhiteElo "2168"]
[BlackElo "1909"]
[PlyCount "163"]
[EventDate "2022.??.??"]

1. e4 e6 2. d4 d5 3. exd5 exd5 4. Bd3 Nf6 5. Ne2 Bd6 6. Bg5 h6 7. Bh4 c6 8. Nd2
Be6 9. c3 Nbd7 10. Qc2 Qc7 11. b4 a5 12. Rb1 b5 13. Bg3 Nb6 14. O-O Nc4 15.
Bxc4 dxc4 16. a3 Bd5 17. Bxd6 Qxd6 18. Ng3 O-O 19. Rbe1 axb4 20. axb4 Rfe8 21.
Nde4 Nxe4 22. Nxe4 Qg6 23. f3 Re6 24. Qf2 Rae8 25. Ng3 Qd3 26. Ne4 Bxe4 27.
fxe4 Rf6 28. Qg3 Rxf1+ 29. Rxf1 Qxg3 30. hxg3 Rxe4 31. Rf3 Re2 32. Rf5 Rc2 33.
d5 cxd5 34. Rxd5 Rxc3 35. Rxb5 Rc1+ 36. Kh2 c3 37. Rc5 g5 38. b5 Kg7 39. b6 Rb1
40. b7 Rxb7 41. Rxc3 Rb1 42. Rc6 h5 43. Ra6 f6 44. Rc6 Kg6 45. Rc5 Re1 46. Rc8
Kf5 47. Rh8 Kg4 48. Rd8 f5 49. Rd4+ Re4 50. Rd3 Re2 51. Rd4+ Re4 52. Rd3 h4 53.
gxh4 Kxh4 54. Rh3+ Kg4 55. Rf3 Re1 56. Rb3 f4 57. Ra3 Kf5 58. Ra5+ Re5 59. Ra8
Kg4 60. Rb8 Re2 61. Rb3 Kh5 62. Kg1 g4 63. Kf1 Ra2 64. Rb4 Kg5 65. Rc4 g3 66.
Rc8 Ra1+ 67. Ke2 Rg1 68. Rg8+ Kf5 69. Rf8+ Ke5 70. Re8+ Kd5 71. Kf3 Rf1+ 72.
Kg4 Rf2 73. Re7 Kd4 74. Re8 Kd3 75. Re7 Kd2 76. Re4 Rxg2 77. Kxf4 Rg1 78. Kf3
Kd3 79. Re8 Kd4 80. Rg8 Ke5 81. Rxg3 Rxg3+ 82. Kxg3 1/2-1/2

[Event "Elit(LASK-Wasa)"]
[Site "?"]
[Date "2022.03.19"]
[Round "4"]
[White "Jogstad, Martin"]
[Black "Eriksson, Lennarth"]
[Result "1-0"]
[WhiteElo "2349"]
[BlackElo "2017"]
[PlyCount "101"]

1. d4 d6 2. Bf4 Nf6 3. e3 g6 4. Be2 Bg7 5. h4 h6 6. Nf3 c6 7. c4 Bf5 8. Nc3
Nbd7 9. Qd2 Qa5 10. e4 Bg4 11. Rd1 e5 12. dxe5 dxe5 13. Be3 Be6 14. O-O Qc7 15.
Nh2 h5 16. Nf3 Bg4 17. b4 Nf8 18. b5 Ne6 19. bxc6 bxc6 20. Qd6 Bxf3 21. Bxf3
Rc8 22. Qxc7 Rxc7 23. Na4 Ng4 24. Bxg4 hxg4 25. g3 O-O 26. Nc5 Nd4 27. Bxd4
exd4 28. Kg2 Re8 29. f3 gxf3+ 30. Kxf3 Re5 31. Nb3 c5 32. Nc1 Re6 33. Nd3 Ra6
34. Rf2 Rcc6 35. e5 Ra4 36. Ke4 Rc7 37. Kd5 Bf8 38. Rdf1 Ra6 39. Rb1 Rd7+ 40.
Ke4 Kg7 41. Rb8 Be7 42. Rfb2 Rc6 43. Re8 Re6 44. Rbb8 f6 45. Rg8+ Kh7 46. Rh8+
Kg7 47. h5 fxe5 48. h6+ Kf6 49. Rh7 Bd6 50. Rxd7 Bxb8 51. Rd8 1-0

[Event "Elit(Stockholms SS-Eksjo)"]
[Site "?"]
[Date "2022.03.19"]
[Round "4"]
[White "Renman, Nils-Gustaf"]
[Black "Lukez, Franko"]
[Result "1-0"]
[WhiteElo "2301"]
[BlackElo "2284"]
[PlyCount "77"]

1. d4 g6 2. c4 Bg7 3. e4 d6 4. h3 Nf6 5. Nc3 O-O 6. Nf3 c5 7. d5 e6 8. Bd3 exd5
9. exd5 Re8+ 10. Kf1 a6 11. a4 Nbd7 12. Be3 Ne5 13. Nxe5 Rxe5 14. g4 Qb6 15.
Qd2 Bd7 16. Kg2 a5 17. Bf4 Re7 18. Rab1 Rf8 19. Bg5 Re5 20. Bf4 Re7 21. f3 Ne8
22. Rhe1 Rxe1 23. Rxe1 Bd4 24. Nb5 Bxb5 25. axb5 Qd8 26. b3 b6 27. h4 Nc7 28.
h5 Re8 29. Rh1 Qe7 30. hxg6 fxg6 31. Be4 Be5 32. Be3 Rf8 33. Qd3 Qf6 34. g5 Qf7
35. Rh4 Qe8 36. f4 Bh8 37. f5 Qe5 38. f6 Re8 39. Bxg6 1-0

[Event "Elit(Team Pelaro Alingsas-Vaxjo)"]
[Site "?"]
[Date "2022.03.19"]
[Round "4"]
[White "Nilsson, Mattias"]
[Black "Dahlgren, Jonas"]
[Result "0-1"]
[WhiteElo "1901"]
[BlackElo "2004"]
[PlyCount "100"]
[EventDate "2022.??.??"]

1. e4 d5 2. exd5 Qxd5 3. Nc3 Qd6 4. Nf3 Nf6 5. h3 c6 6. a4 h6 7. Bc4 Bf5 8. d3
e6 9. Qe2 Nbd7 10. Be3 Be7 11. Nd4 Bh7 12. f4 Nb6 13. Bb3 Nbd5 14. O-O Rd8 15.
Bxd5 Nxd5 16. Nxd5 Qxd5 17. Nb3 Bxd3 18. Qxd3 Qxd3 19. cxd3 Rxd3 20. Bxa7 Rxb3
21. Bd4 Bf6 22. Bxf6 gxf6 23. Rf2 Ke7 24. Kf1 Rd8 25. Ke1 Ra8 26. a5 Rb5 27. a6
Rxa6 28. Rxa6 bxa6 29. Rc2 Kd6 30. Kd2 Rb3 31. Kc1 Rb5 32. Rd2+ Rd5 33. Re2 e5
34. f5 Rd4 35. Re3 a5 36. Kc2 a4 37. g3 Kd5 38. Re1 e4 39. g4 c5 40. Re3 Rc4+
41. Kd2 Rb4 42. Kc2 Kd4 43. Re1 Rb3 44. Ra1 Rb4 45. Rd1+ Ke3 46. Rd6 Kf2 47.
Rd2+ Kf3 48. Rd7 e3 49. Rxf7 e2 50. Re7 Kf2 0-1

[Event "Elit(LASK-Wasa)"]
[Site "?"]
[Date "2022.03.19"]
[Round "4"]
[White "Cramling, Dan"]
[Black "Kucuksari, Kaan"]
[Result "1-0"]
[WhiteElo "2290"]
[BlackElo "2362"]
[PlyCount "93"]

1. d4 Nf6 2. c4 g6 3. Nc3 Bg7 4. e4 d6 5. h3 O-O 6. Bg5 c5 7. d5 e6 8. Bd3 exd5
9. cxd5 b5 10. Nxb5 Re8 11. Ne2 h6 12. Bxf6 Bxf6 13. Qd2 Na6 14. Nbc3 Bg5 15.
Qd1 Rb8 16. Rb1 Nb4 17. Bb5 Rxb5 18. Nxb5 Rxe4 19. O-O Bxh3 20. a3 Bg4 21. Nbc3
Bxe2 22. Nxe2 Nxd5 23. Qxd5 Rxe2 24. b4 Rd2 25. Qc6 Bf4 26. Qf3 Be5 27. bxc5
dxc5 28. Rb7 Rd7 29. Rfb1 c4 30. Rxd7 Qxd7 31. Qe4 Qc7 32. Qd5 Bg7 33. Rb7 Qf4
34. g3 Qd4 35. Qxf7+ Kh7 36. Rxa7 c3 37. Qd7 Qe5 38. Qd3 Qc5 39. Ra6 Qg5 40.
Rc6 h5 41. Qe4 Kh6 42. Qf4 Qxf4 43. gxf4 Bd4 44. a4 Kg7 45. a5 Kf7 46. a6 Ke8
47. Rc4 1-0

[Event "Elit(Stockholms SS-Eksjo)"]
[Site "?"]
[Date "2022.03.19"]
[Round "4"]
[White "Malesevic, Nedeljko"]
[Black "Olund, Joar"]
[Result "0-1"]
[WhiteElo "2234"]
[BlackElo "2349"]
[PlyCount "84"]

1. d4 d5 2. Nf3 Nf6 3. c4 dxc4 4. e3 e6 5. Bxc4 a6 6. a4 c5 7. O-O Nc6 8. Qe2
cxd4 9. Rd1 Be7 10. exd4 O-O 11. Nc3 Nb4 12. Ne5 b6 13. Bg5 Nfd5 14. Nxd5 exd5
15. Bxd5 Nxd5 16. Nc6 Bxg5 17. Nxd8 Rxd8 18. Ra3 Bb7 19. Qg4 h6 20. g3 Re8 21.
h4 Bf6 22. Raa1 Nb4 23. Rac1 Rad8 24. Rc7 Rxd4 25. Qxd4 Bxd4 26. Rxb7 Nc6 27.
b4 Re2 28. b5 axb5 29. axb5 Ne5 30. Rxd4 Nf3+ 31. Kf1 Re1+ 32. Kg2 Nxd4 33.
Rxb6 Rb1 34. Rb8+ Kh7 35. b6 Nc6 36. Rb7 f6 37. h5 Na5 38. Rb8 Nc4 39. b7 Nd6
40. Rd8 Nxb7 41. Rb8 Rb3 42. Kh3 Nc5 0-1

[Event "Elit(SK Rockaden, Sthlm-Team Pelaro)"]
[Site "?"]
[Date "2022.03.18"]
[Round "3"]
[White "Bator, Robert"]
[Black "Nowen, Linus"]
[Result "1-0"]
[WhiteElo "2356"]
[BlackElo "1599"]
[PlyCount "75"]
[EventDate "2022.??.??"]

1. e4 Nf6 2. e5 Nd5 3. d4 d6 4. Nf3 g6 5. exd6 cxd6 6. g3 Bg7 7. Bg2 O-O 8. O-O
Nc6 9. c3 h6 10. Na3 Bd7 11. h3 Rc8 12. Kh2 a6 13. Nh4 Nb6 14. Be3 Qc7 15. Rc1
Kh7 16. d5 Ne5 17. b3 g5 18. Nf3 f5 19. Nxe5 dxe5 20. c4 f4 21. Be4+ Kh8 22.
Bd2 Qd6 23. b4 Qf6 24. c5 Na8 25. g4 Nc7 26. Qf3 Nb5 27. Nxb5 Bxb5 28. Rfe1 h5
29. Bc3 Bd7 30. Bc2 hxg4 31. hxg4 Kg8 32. Kg2 e4 33. Bxe4 Qf7 34. d6 Bxc3 35.
Rxc3 Be6 36. dxe7 Qxe7 37. Bxb7 Qf7 38. Rxe6 1-0

[Event "Elit(LASK-Kungstornet)"]
[Site "?"]
[Date "2022.03.18"]
[Round "3"]
[White "Nord, Alexander"]
[Black "Henriksson, Johan"]
[Result "1/2-1/2"]
[WhiteElo "2173"]
[BlackElo "2220"]
[PlyCount "135"]

1. d4 d5 2. Nf3 Nf6 3. g3 c6 4. Bg2 Bf5 5. c4 Bxb1 6. Rxb1 Qa5+ 7. Bd2 Qxa2 8.
cxd5 Qxd5 9. O-O e6 10. Bf4 Be7 11. Ne5 Qb5 12. e4 O-O 13. Qf3 Nbd7 14. g4 Nxe5
15. Bxe5 Rfd8 16. Rfd1 Rd7 17. Bf4 Rad8 18. Be3 Qb3 19. g5 Ne8 20. Rdc1 g6 21.
Rc3 Qb4 22. Bh3 Nc7 23. Bf1 Nb5 24. Bxb5 Qxb5 25. h4 e5 26. dxe5 Qxe5 27. Bxa7
Bb4 28. Rc4 c5 29. Qf6 Qxf6 30. gxf6 b5 31. Bxc5 bxc4 32. Bxb4 Rd1+ 33. Rxd1
Rxd1+ 34. Kg2 Rd3 35. Bc5 Rb3 36. Bd4 Kf8 37. Bc3 Ke8 38. Kf3 Rb5 39. e5 Rd5
40. Kf4 h6 41. Ke4 Rd1 42. Kf4 Rh1 43. Kg4 Kd7 44. Kg3 Ke6 45. Kg4 h5+ 46. Kg3
Kf5 47. Bd4 Rg1+ 48. Kh3 Rd1 49. Bc3 Rd3+ 50. Kg2 Ke6 51. Kh2 Rf3 52. Kg2 Rf5
53. Kg3 g5 54. hxg5 Rxg5+ 55. Kh4 Rf5 56. Kg3 h4+ 57. Kxh4 Rxf2 58. Kg3 Rf5 59.
Kg4 Rxe5 60. Bxe5 Kxe5 61. Kf3 Kxf6 62. Ke4 Kg5 63. Kd4 f5 64. Kxc4 Kg4 65. Kd3
Kg3 66. Ke2 Kg2 67. Ke3 Kg3 68. Ke2 1/2-1/2

[Event "Elit(Limhamn-Stockholms SS)"]
[Site "?"]
[Date "2022.03.18"]
[Round "3"]
[White "Lokander, Martin"]
[Black "Hector, Jonny"]
[Result "1/2-1/2"]
[WhiteElo "2473"]
[BlackElo "2443"]
[PlyCount "94"]

1. d4 d5 2. c4 Nc6 3. Nf3 Bg4 4. Nc3 e6 5. cxd5 exd5 6. Bf4 Bd6 7. Bxd6 Qxd6 8.
e3 Nf6 9. Bd3 O-O 10. h3 Bh5 11. O-O Rae8 12. Rc1 a6 13. Na4 Ne4 14. Be2 f5 15.
Qb3 Nd8 16. Nc5 b6 17. Nxa6 Ne6 18. Qb5 c5 19. dxc5 bxc5 20. b4 cxb4 21. Rc6
Qd7 22. Nxb4 f4 23. Qxd5 Qxd5 24. Nxd5 fxe3 25. Nxe3 Bxf3 26. Bxf3 Nd4 27. Bxe4
Rxe4 28. Rc4 Ne2+ 29. Kh2 Rxe3 30. Re1 Rxf2 31. Rc2 g5 32. a4 h5 33. Rc5 g4 34.
hxg4 h4 35. Rg5+ Kh7 36. Rf5 Rxf5 37. gxf5 Re5 38. a5 Rxa5 39. Rxe2 Rxf5 40.
Re4 Kg6 41. Rxh4 Ra5 42. Rb4 Rc5 43. Kh3 Rc6 44. g4 Kg7 45. Kh4 Kg6 46. Rb5 Ra6
47. Re5 Rb6 1/2-1/2

[Event "Elit(Wasa-Eksjo)"]
[Site "?"]
[Date "2022.03.18"]
[Round "3"]
[White "Gajic, Mladen"]
[Black "Amin, Bassem"]
[Result "0-1"]
[WhiteElo "2308"]
[BlackElo "2681"]
[PlyCount "90"]

1. d4 Nf6 2. Bg5 e6 3. e4 h6 4. Bxf6 Qxf6 5. c3 d6 6. Bd3 g6 7. Ne2 Bg7 8. O-O
e5 9. f4 Qe7 10. Nd2 O-O 11. Qb3 exd4 12. cxd4 c5 13. dxc5 dxc5 14. e5 Nc6 15.
Ne4 Be6 16. Qc3 b6 17. Nf6+ Kh8 18. Be4 Rac8 19. Rad1 Nd4 20. Nxd4 cxd4 21.
Qxd4 Bxa2 22. Nd5 Qc5 23. b4 Qxd4+ 24. Rxd4 Rfd8 25. Ra1 Rc4 26. Rxc4 Bxc4 27.
Ne3 Be6 28. Bd5 Rxd5 29. Nxd5 Bxd5 30. Rxa7 Bf8 31. Rd7 Bc4 32. g4 Be6 33. Rd8
Kg7 34. h3 Bxb4 35. Kg2 Be7 36. Rb8 Bc5 37. Kf3 Bd5+ 38. Kg3 Be4 39. Rc8 Be3
40. Rc7 g5 41. fxg5 hxg5 42. Rc4 Bd5 43. Rb4 Kf8 44. h4 gxh4+ 45. Kxh4 Ke7 0-1

[Event "Elit(Vaxjo-Vasteras)"]
[Site "?"]
[Date "2022.03.18"]
[Round "3"]
[White "Pantzar, Milton"]
[Black "Hillarp, Tiger"]
[Result "0-1"]
[WhiteElo "2434"]
[BlackElo "2508"]
[PlyCount "126"]
[EventDate "2022.??.??"]

1. d4 Nf6 2. c4 g6 3. Nc3 Bg7 4. e4 d6 5. Nf3 O-O 6. Be2 Bg4 7. O-O Nfd7 8. Be3
c5 9. d5 Na6 10. Rc1 Nc7 11. a3 Re8 12. Re1 a6 13. b4 b6 14. h3 Bxf3 15. Bxf3
Rb8 16. Bg4 Ne5 17. Be2 e6 18. Qc2 exd5 19. exd5 f5 20. Bf1 Qh4 21. Ne2 Bh6 22.
Bxh6 Qxh6 23. bxc5 bxc5 24. Rb1 Qh4 25. f4 Nf7 26. g3 Qf6 27. Rxb8 Rxb8 28. Rb1
Rxb1 29. Qxb1 Qe7 30. Kf2 Ne8 31. Qb6 Nf6 32. Bg2 h5 33. Qxa6 h4 34. Qc8+ Kg7
35. Qe6 hxg3+ 36. Nxg3 Qa7 37. Qe3 Qb8 38. Ne2 Qb1 39. Bf3 Qa2 40. Qd3 Nd7 41.
Qc3+ Nf6 42. h4 Nh6 43. Ke1 Kf7 44. Qe3 Qxc4 45. Qe6+ Kg7 46. Qxd6 Qb3 47. Qc7+
Nf7 48. Kf2 Qxa3 49. d6 Qd3 50. Qxc5 Nxd6 51. Qd4 Qa3 52. Nc3 Qb2+ 53. Ne2 Qb8
54. Ng3 Nde4+ 55. Bxe4 Qxf4+ 56. Kg2 fxe4 57. h5 Qf3+ 58. Kh2 gxh5 59. Qe5 Kg6
60. Qe6 h4 61. Nh1 e3 62. Qb6 e2 63. Qe6 Qe4 0-1

[Event "Elit(Limhamn-Stockholms SS)"]
[Site "?"]
[Date "2022.03.18"]
[Round "3"]
[White "Haubro, Martin"]
[Black "Westerberg, Jonathan"]
[Result "0-1"]
[WhiteElo "2396"]
[BlackElo "2494"]
[PlyCount "54"]

1. e4 c5 2. Nf3 e6 3. d4 cxd4 4. Nxd4 Nc6 5. Nc3 Nf6 6. Nxc6 bxc6 7. e5 Nd5 8.
Ne4 Qc7 9. f4 Qb6 10. c4 Bb4+ 11. Ke2 Ba6 12. Kf3 f5 13. exf6 Nxf6 14. c5 Qa5
15. Nd6+ Ke7 16. Bxa6 Qxa6 17. Qd4 Bxc5 18. Nf5+ exf5 19. Qxc5+ Kf7 20. Qxf5
Rhe8 21. Be3 Rxe3+ 22. Kxe3 Re8+ 23. Kf2 Qe2+ 24. Kg1 Qe3+ 25. Kf1 Re4 26. g3
Qf3+ 27. Kg1 Re2 0-1

[Event "Elit(Wasa-Eksjo)"]
[Site "?"]
[Date "2022.03.18"]
[Round "3"]
[White "Meshkovs, Nikita"]
[Black "Heberla, Bartlomiej"]
[Result "0-1"]
[WhiteElo "2561"]
[BlackElo "2564"]
[PlyCount "74"]

1. Nf3 d5 2. d4 e6 3. c4 Nf6 4. g3 Be7 5. Bg2 O-O 6. O-O dxc4 7. Qc2 b5 8. a4
b4 9. Nfd2 Nd5 10. Nxc4 c5 11. dxc5 Bxc5 12. Rd1 Nd7 13. e4 N5b6 14. Nd6 Bxd6
15. Rxd6 Qe7 16. Qd1 Ne5 17. Bf4 Nec4 18. e5 Bb7 19. Bxb7 Qxb7 20. Rd4 Nxb2 21.
Qg4 h5 22. Qg5 N6xa4 23. Nd2 Nc3 24. Re1 Qb5 25. Qxh5 Rfd8 26. Rde4 f5 27. Bh6
Qe8 28. Qg5 Qf7 29. Rh4 Nd3 30. Re3 Nc5 31. Rxb4 Nd5 32. Rd4 Kh7 33. Rh4 Qg6
34. g4 gxh6 35. Nf3 Qxg5 36. Nxg5+ Kg7 37. Reh3 Nf4 0-1